000 00437nam a2200181Ia 4500
001 22819
005 20260414150856.0
008 260414t2010||||xx |||||||||||||| ||spa||
041 _aESP
082 _a624.15
_bO64
100 _aOrense, Rolando P.
_eAUT
245 0 _aSoil-fundation-structure interaction
_b
260 _c2010
300 _axv, 241 páginas :
_c25 cm.
650 _a0
654 _aCIC
942 _cLIB
_dJUS
_fJUS
_2ddc
_n
999 _c22819
_d22819